|
|
|
|
| LEADER |
00000nab a2200000 a 4500 |
| 001 |
vtls000228703 |
| 003 |
SK-MaSNL |
| 005 |
20260303130444.0 |
| 008 |
111130c1985 xo 0 slo |
| 015 |
|
|
|a SNBRB19rr/mm-uuuuu
|
| 035 |
|
|
|a CL0238817
|
| 040 |
|
|
|a SNKBUCL
|b slo
|c SNKBUCL
|e AACR2
|
| 041 |
0 |
|
|a slo
|
| 044 |
|
|
|a xo
|c SK
|
| 080 |
|
|
|a 82:061.7
|2 1981
|
| 080 |
|
|
|a 061.7
|2 1981
|
| 080 |
|
|
|a 82.085
|2 1981
|
| 100 |
1 |
|
|a (-ivru-)
|4 aut
|9 1145881
|
| 245 |
1 |
0 |
|a Báseň je dar
|c (-ivru-) ; L. Lisický
|
| 300 |
|
|
|b Obr. 1.
|
| 650 |
0 |
7 |
|a recitácie
|2 snkbucl
|9 31371
|
| 650 |
0 |
7 |
|a Vansovej Lomnička 1985
|2 snkbucl
|9 1145870
|
| 655 |
|
7 |
|a články z novín a časopisov
|2 snkbucl
|9 267496
|
| 655 |
|
7 |
|a články z odboru literárna veda a krásna literatúra
|2 snkbucl
|9 770045
|
| 700 |
1 |
|
|a Lisický, Ladislav,
|d 1931-1998
|4 gup
|9 175318
|
| 773 |
0 |
|
|t Rozhlas
|g Č. 43 (1985), s. 12
|
| 850 |
|
|
|a Slovenská národná knižnica v Martine
|a MTA001
|
| 852 |
|
|
|a SNK
|b KIS3GCP
|
| 958 |
|
|
|a RK
|
| 958 |
|
|
|a LX
|
| 992 |
|
|
|a RBX
|
| 999 |
|
|
|c 1940761
|d 1942691
|